00213nam a22000737a 4500008004100000020001500041082000800056245007500064151211b xxu||||| |||| 00| 0 eng d a0764515489 a00410aWindows XP all-in-one desk reference for dummies /cby Woody Leonhard.